000
00267nam a2200097Ia 4500
001
687452
005
20250826161556.0
008
250824s9999 xx 000 0 und d
245
0
_a
YANLIŞLIKLA DÜNYANIN ÖBÜR UCUNA UÇAN ÇOCUK
_c
JOHN BOYNE
260
_b
TUDEM YAYINLARI
999
_c
687452
_d
687452